00317nam a2200109Ia 4500008004100000020002200041100002000063245004100083260002800124300001900152500003600171200626s9999 xx 000 0 und d a978-1-4354-0036-8 aAinsworth, Mark cMark Ainsworth.--aFish and seafood/ aNew York:bDelmarc2009 axvi, 351 pages aIncludes Bibliography and Index